00820nam a2200265Ia 4500999001500000001000600015003000600021005001700027008004100044020001500085035002000100040001300120049000900133082001600142092001700158100002800175245004400203260004200247300002900289500002000318650003700338650004100375942001500416952012300431 c5899d589933605GBCCL20241126110552.0870402s1979 enka 001 0 eng d a084741213X a(OCoLC)15477828 aJFRcJFR aLBBK a811.54bCLA a811.54bC5921 aClark, Eugene L.91067010aMy hope :bPoems /cby Eugene L. Clark. aNebraska:bBack to the Bible,cc1979. a159 p. :bill. ;c18 cm. aIncludes index. aChristian poetry, American94166 aAmerican poetryy20th Century910671 2ddccBK01 00102ddc4070aGBCbGBCcGSd2018-04-17l1o811.54 CLAp003619r2025-05-01 00:00:00s2019-01-10tc.1w2018-04-17yBK